[Event "Elit(LASK-Eksjo)"]
[Site "?"]
[Date "2016.02.28"]
[Round "5"]
[White "Carlsson, Pontus"]
[Black "Ahlander, Bjorn"]
[Result "1/2-1/2"]
[WhiteElo "2430"]
[BlackElo "2316"]
[PlyCount "37"]

1. e4 e5 2. Nf3 Nc6 3. Bb5 a6 4. Ba4 Nf6 5. O-O Be7 6. d3 d6 7. c4 O-O 8. Nc3
Bg4 9. Be3 Nd4 10. Bxd4 exd4 11. Nd5 c6 12. Nxf6+ Bxf6 13. h3 Be6 14. Rc1 g5
15. Nh2 Be5 16. Ng4 Kg7 17. Nxe5 dxe5 18. c5 Qe7 19. Bb3 1/2-1/2

[Event "Elit(LASK-Eksjo)"]
[Site "?"]
[Date "2016.02.28"]
[Round "5"]
[White "Dragicevic, Drazen"]
[Black "Malesevic, Nedeljko"]
[Result "1/2-1/2"]
[WhiteElo "2309"]
[BlackElo "2265"]
[PlyCount "183"]

1. Nf3 d5 2. c4 e6 3. g3 Nf6 4. Bg2 Be7 5. O-O O-O 6. b3 c5 7. Bb2 Nc6 8. cxd5
Nxd5 9. Nc3 Nc7 10. Rc1 Rb8 11. Ne4 b6 12. d4 f5 13. Ned2 Nxd4 14. Nxd4 cxd4
15. Nf3 Nb5 16. Nxd4 Nxd4 17. Qxd4 Qxd4 18. Bxd4 Bf6 19. Bxf6 Rxf6 20. Rc7 Rf7
21. Rfc1 Ba6 22. Bf3 Rbf8 23. R7c6 Re7 24. Rd6 Kf7 25. e3 Rc8 26. Rxc8 Bxc8 27.
Rd8 Rc7 28. Rd2 Kf6 29. Be2 Bb7 30. f3 e5 31. Kf2 Ke7 32. Bc4 Rd7 33. Rxd7+
Kxd7 34. f4 Kd6 35. Bg8 h6 36. Bh7 Bc8 37. Ke2 g5 38. Kd3 Be6 39. fxg5 hxg5 40.
Bg6 g4 41. Be8 a5 42. Kc3 Kd5 43. Kd3 Kc5 44. Kc3 b5 45. Kc2 Bd5 46. Bd7 Be4+
47. Kc3 b4+ 48. Kb2 Bd3 49. Bc8 Kd5 50. Kc1 Kd6 51. Bb7 Ke6 52. Kd2 Bb5 53. Bg2
Kf6 54. h3 Kg5 55. Kc2 Bd7 56. Kd3 Be6 57. Kd2 gxh3 58. Bxh3 Bf7 59. Kd3 Bd5
60. Kd2 Be4 61. Kc1 Kf6 62. Kb2 Ke6 63. Kc1 Kd5 64. Kb2 Kc5 65. Kc1 Kb6 66. Bf1
Bc6 67. Bh3 Be4 68. Bf1 Kc5 69. Kd2 Bd5 70. Bd3 e4 71. Ba6 Kd6 72. Bc8 Ke5 73.
Ba6 Kf6 74. Be2 Kg5 75. Ke1 Bf7 76. Bb5 Bh5 77. Bc4 Be8 78. Be2 a4 79. Bd1 a3
80. Be2 Bf7 81. Bd1 Bd5 82. Kf2 Bc6 83. Be2 Be8 84. Kg2 Ba4 85. Bc4 Be8 86. Be2
Bf7 87. Bd1 Bh5 88. Bxh5 Kxh5 89. Kh3 Kg5 90. Kh2 Kh5 91. Kh3 Kg5 92. Kh2
1/2-1/2

[Event "Elit(LASK-Eksjo)"]
[Site "?"]
[Date "2016.02.28"]
[Round "5"]
[White "Bejtovic, Jasmin"]
[Black "Semcesen, Daniel"]
[Result "1/2-1/2"]
[WhiteElo "2365"]
[BlackElo "2432"]
[PlyCount "78"]
[SourceDate "2016.03.04"]

1. Nf3 d6 2. e4 Nf6 3. Nc3 e5 4. d4 Nbd7 5. Bc4 Be7 6. O-O O-O 7. a4 c6 8. Re1
a5 9. h3 Nb6 10. Bb3 Nfd7 11. Be3 exd4 12. Bxd4 Nc5 13. Bxc5 dxc5 14. Qe2 Qd6
15. Rad1 Qg6 16. Ne5 Qf6 17. Nc4 Nxc4 18. Bxc4 Qe5 19. Rf1 Bg5 20. Rd3 Be6 21.
Bxe6 Qxe6 22. f4 Be7 23. e5 c4 24. Rd2 f6 25. f5 Qxe5 26. Qxe5 fxe5 27. Rd7
Bc5+ 28. Kh2 Rf7 29. Rxf7 Kxf7 30. Ne4 Be7 31. Rd1 Ke8 32. g4 Rd8 33. Rxd8+
Kxd8 34. Kg3 b5 35. b3 Kd7 36. Kf3 h6 37. Ke3 Kc7 38. bxc4 bxa4 39. Kd2 Bb4+
1/2-1/2

[Event "Elit(LASK-Eksjo)"]
[Site "?"]
[Date "2016.02.28"]
[Round "5"]
[White "Olsson, Linus"]
[Black "Vernersson, Per"]
[Result "1/2-1/2"]
[WhiteElo "2278"]
[BlackElo "2315"]
[PlyCount "73"]

1. d4 d5 2. c4 e6 3. Nf3 Nf6 4. g3 Be7 5. Bg2 O-O 6. Qc2 c5 7. dxc5 Qa5+ 8.
Nbd2 Qxc5 9. O-O b5 10. b3 bxc4 11. bxc4 Nbd7 12. a4 Qc7 13. Qa2 Bb7 14. Bb2
Rfc8 15. Rac1 dxc4 16. Rxc4 Qd8 17. Qa1 Rxc4 18. Nxc4 Rc8 19. Ne3 Nc5 20. Qa2
Nd5 21. Ng4 Qa5 22. Ra1 Nb6 23. Qa3 Nbxa4 24. Qe3 Qd8 25. Bd4 Bd5 26. h4 f6 27.
h5 h6 28. Nh4 Bxg2 29. Nxg2 Rc7 30. Rxa4 Nxa4 31. Qxe6+ Kh8 32. Nh4 Qxd4 33.
Ng6+ Kh7 34. Qf5 Kg8 35. Qe6+ Kh7 36. Qf5 Kg8 37. Qe6+ 1/2-1/2

[Event "Elit(Manhem-Limhamn)"]
[Site "?"]
[Date "2016.02.28"]
[Round "5"]
[White "Hector, Jonny"]
[Black "Welin, Mats"]
[Result "1-0"]
[WhiteElo "2474"]
[BlackElo "2328"]
[PlyCount "49"]
[EventDate "2016.??.??"]

1. d4 Nf6 2. Nc3 d5 3. Bg5 Nbd7 4. Qd3 c5 5. e4 dxe4 6. Nxe4 Qb6 7. Bxf6 gxf6
8. Nxc5 Qxb2 9. Nb3 e6 10. Nf3 Bb4+ 11. Nfd2 O-O 12. a3 Bxd2+ 13. Kxd2 a5 14.
Qg3+ Kh8 15. Bd3 a4 16. Rhb1 Qxb1 17. Rxb1 axb3 18. Rxb3 f5 19. Bb5 Rg8 20. Qh4
Nf8 21. Qf6+ Rg7 22. Rg3 Ng6 23. h4 h5 24. Be8 Kg8 25. Bxf7+ 1-0

[Event "Elit(Manhem-Limhamn)"]
[Site "?"]
[Date "2016.02.28"]
[Round "5"]
[White "Winsnes, Rikard"]
[Black "Brynell, Stellan"]
[Result "1/2-1/2"]
[WhiteElo "2399"]
[BlackElo "2420"]
[PlyCount "262"]

1. e4 e6 2. d4 d5 3. Nd2 c5 4. Ngf3 a6 5. dxc5 Bxc5 6. Bd3 Nc6 7. a3 Nge7 8. b4
Ba7 9. Bb2 O-O 10. O-O Ng6 11. e5 Nf4 12. Nb3 Nxd3 13. cxd3 d4 14. Re1 f6 15.
Rc1 fxe5 16. Nc5 Bb8 17. Qe2 Qe8 18. Rc2 b6 19. Ne4 Bb7 20. Ned2 Qg6 21. Qe4
Qe8 22. Ng5 Rf5 23. Qh4 h6 24. Nge4 Ne7 25. Nc4 Ng6 26. Qg3 Bxe4 27. Rxe4 Rg5
28. Qf3 Bc7 29. Rg4 Rxg4 30. Qxg4 Nf4 31. Qf3 Rd8 32. Nd2 Nd5 33. Qg4 Qd7 34.
Ne4 Rf8 35. Bc1 Kh7 36. h3 Bd8 37. Ng3 Bf6 38. Nh5 g6 39. Nxf6+ Rxf6 40. Qh4
Qg7 41. Rc8 g5 42. Qe4+ Rg6 43. Bd2 Qf6 44. Ra8 Qf5 45. Rxa6 Rg7 46. g4 Qxe4
47. dxe4 Nc3 48. Be1 Nxe4 49. f3 Nc3 50. Rxb6 Ra7 51. Bxc3 dxc3 52. Rc6 Rxa3
53. b5 Kg7 54. b6 Rb3 55. b7 Rxb7 56. Rxc3 Kf6 57. Re3 Rb2 58. Re4 Ra2 59. Re3
Ra5 60. Kf2 Ke7 61. Rb3 Ra2+ 62. Kg3 Kf6 63. h4 Re2 64. hxg5+ hxg5 65. Rb4 Rd2
66. Rb8 e4 67. fxe4 Rd3+ 68. Kf2 Ke5 69. Rg8 Kf4 70. Re8 Rd2+ 71. Ke1 Rd6 72.
Kf2 Kxe4 73. Kg3 Rd3+ 74. Kf2 Rd2+ 75. Kg3 Ke5 76. Kf3 Rd3+ 77. Kf2 Ra3 78. Kg2
Re3 79. Kf2 Re4 80. Kf3 Rf4+ 81. Kg3 Re4 82. Rg8 Kf6 83. Rf8+ Ke7 84. Rg8 Re5
85. Kf3 Kf7 86. Rb8 Ra5 87. Rc8 Kf6 88. Rg8 Ra3+ 89. Kf2 Rb3 90. Kg2 Rc3 91.
Kf2 Rd3 92. Kg2 Rd5 93. Kf3 Kf7 94. Rb8 Ke7 95. Rb7+ Kd6 96. Rg7 Re5 97. Rg8
Kd5 98. Rd8+ Kc5 99. Rd1 Rd5 100. Rc1+ Kd4 101. Rd1+ Ke5 102. Re1+ Kf6 103. Ra1
Rd3+ 104. Ke2 Rg3 105. Ra4 Rc3 106. Ra5 Rc4 107. Kf3 Rf4+ 108. Kg3 Rd4 109. Kf3
Rd3+ 110. Kf2 Rd5 111. Ra8 Ke5 112. Re8 Ra5 113. Kf3 Ra3+ 114. Kf2 Rb3 115. Kg2
Re3 116. Kf2 Kf4 117. Rf8+ Ke4 118. Rg8 Rf3+ 119. Ke2 Re3+ 120. Kf2 e5 121.
Rxg5 Rf3+ 122. Ke2 Ra3 123. Rh5 Rg3 124. g5 Kf4 125. Rh4+ Kxg5 126. Ra4 Kf5
127. Rb4 Ra3 128. Rh4 Ke6 129. Rg4 Kd5 130. Rh4 e4 131. Rh8 Ra2+ 1/2-1/2

[Event "Elit(Manhem-Limhamn)"]
[Site "?"]
[Date "2016.02.28"]
[Round "5"]
[White "Jepson, Christian"]
[Black "Boe, Mads"]
[Result "1/2-1/2"]
[WhiteElo "2431"]
[BlackElo "2316"]
[PlyCount "83"]
[SourceDate "2016.03.04"]

1. c4 e6 2. g3 f5 3. Bg2 Nf6 4. Nf3 Be7 5. O-O O-O 6. Nc3 d6 7. b3 Nc6 8. d4
Qe8 9. Bb2 Bd7 10. e3 Nd8 11. Qe2 Qh5 12. Ne1 Qxe2 13. Nxe2 Bc6 14. f3 b6 15.
Nc3 a6 16. Nd3 Bb7 17. Rad1 Re8 18. e4 fxe4 19. fxe4 Ng4 20. Bc1 Bf6 21. Ne2
Be7 22. h3 Nf6 23. Nc3 e5 24. d5 Bc8 25. Be3 Bd7 26. Rb1 Nf7 27. a3 Reb8 28.
Rfc1 Ne8 29. b4 Bg5 30. Kf2 Bxe3+ 31. Kxe3 Ng5 32. h4 Nf7 33. c5 Nf6 34. Bf3
Rf8 35. Nf2 Nh6 36. c6 Bg4 37. Be2 Bxe2 38. Kxe2 Nfg4 39. Nxg4 Nxg4 40. Rf1
Rxf1 41. Rxf1 Nf6 42. a4 1/2-1/2

[Event "Elit(Manhem-Limhamn)"]
[Site "?"]
[Date "2016.02.28"]
[Round "5"]
[White "Hultin, Johan"]
[Black "Lindgren, Philip"]
[Result "1-0"]
[WhiteElo "2319"]
[BlackElo "2414"]
[PlyCount "79"]

1. e4 c5 2. Nc3 d6 3. f4 Nc6 4. Nf3 g6 5. Bb5 Bd7 6. O-O Bg7 7. Bc4 e6 8. f5
Na5 9. fxe6 fxe6 10. d3 Nh6 11. Ng5 Qe7 12. Nb5 Nxc4 13. dxc4 Bxb5 14. cxb5
O-O-O 15. a4 Rhf8 16. Nf3 Ng4 17. c3 Ne5 18. Be3 Nxf3+ 19. Rxf3 Be5 20. g3 d5
21. Rxf8 Qxf8 22. Qg4 Qd6 23. exd5 Qxd5 24. a5 Kb8 25. a6 b6 26. Rf1 c4 27. Rf7
Qd1+ 28. Qxd1 Rxd1+ 29. Kg2 Rd5 30. Rb7+ Kc8 31. Rxa7 Rxb5 32. Ra8+ Kc7 33. Bc1
Ra5 34. Kf3 Kc6 35. Ke4 Bc7 36. Kd4 Kb5 37. a7 Bd6 38. Bf4 Bc5+ 39. Ke5 Ka6 40.
Kxe6 1-0

[Event "Elit(Manhem-Limhamn)"]
[Site "?"]
[Date "2016.02.28"]
[Round "5"]
[White "Johansson, Linus"]
[Black "Boe Olsen, Filip"]
[Result "1-0"]
[WhiteElo "2423"]
[BlackElo "2217"]
[PlyCount "51"]

1. d4 d5 2. c4 c6 3. Nf3 Nf6 4. Nc3 e6 5. Bg5 Nbd7 6. e3 Qa5 7. cxd5 Nxd5 8.
Rc1 e5 9. Bd3 Nxc3 10. bxc3 Ba3 11. Rc2 f6 12. Bh4 exd4 13. exd4 O-O 14. O-O
Nb6 15. Nd2 Bf5 16. Qh5 g6 17. Qf3 Bxd3 18. Qxd3 c5 19. c4 Nd7 20. d5 Bb4 21.
Nf3 a6 22. d6 b5 23. Qd5+ Kh8 24. Re2 g5 25. Re7 Rad8 26. Qf5 1-0

[Event "Elit(Manhem-Limhamn)"]
[Site "?"]
[Date "2016.02.28"]
[Round "5"]
[White "Moberg, Karl Johan"]
[Black "Schneider, Stefan"]
[Result "1/2-1/2"]
[WhiteElo "2295"]
[BlackElo "2378"]
[PlyCount "127"]

1. d4 Nf6 2. c4 e6 3. Nc3 Bb4 4. e3 O-O 5. Nge2 Re8 6. a3 Bf8 7. d5 exd5 8.
cxd5 c5 9. Ng3 d6 10. Be2 Nbd7 11. O-O g6 12. e4 Bg7 13. f3 a6 14. a4 h5 15.
Nh1 Nh7 16. Nf2 Bd4 17. Kh1 Ne5 18. f4 Nd7 19. Bf3 Rb8 20. Qd3 Bg7 21. Bd2 Ndf6
22. e5 Bf5 23. Qc4 Ng4 24. Nxg4 hxg4 25. Be4 b5 26. axb5 axb5 27. Qd3 b4 28.
Na4 Bxe4 29. Qxe4 Nf6 30. Qc4 dxe5 31. fxe5 Qxd5 32. Qxc5 Rbc8 33. Qxb4 Qxe5
34. Bc3 Qg5 35. Qf4 Qxf4 36. Rxf4 Ne4 37. Bxg7 Kxg7 38. Nc3 Nxc3 39. bxc3 f5
40. c4 Re4 41. Rxe4 fxe4 42. Rc1 Kf6 43. Kg1 Ke5 44. Kf2 Kd4 45. Rd1+ Kc5 46.
Ke3 Rh8 47. Kxe4 Rxh2 48. Rd2 g3 49. Kf3 Rh4 50. Rd5+ Kc6 51. Rg5 Rxc4 52. Kxg3
Kd7 53. Rxg6 Ke7 54. Rg4 Rc3+ 55. Kh4 Kf7 56. Kh5 Rc6 57. Rg5 Rd6 58. g4 Rb6
59. Rc5 Kg7 60. Rc7+ Kg8 61. g5 Ra6 62. g6 Ra1 63. Kh6 Rh1+ 64. Kg5 1/2-1/2

[Event "Elit(Manhem-Limhamn)"]
[Site "?"]
[Date "2016.02.28"]
[Round "5"]
[White "Penalver, Osmani"]
[Black "Akesson, Joel"]
[Result "1/2-1/2"]
[WhiteElo "2251"]
[BlackElo "2293"]
[PlyCount "86"]

1. d4 Nf6 2. c4 e6 3. Nc3 Bb4 4. f3 O-O 5. e4 d5 6. cxd5 exd5 7. e5 Nfd7 8. f4
c5 9. Nf3 cxd4 10. Qxd4 Nc6 11. Qxd5 Ndxe5 12. Qxd8 Nxf3+ 13. gxf3 Rxd8 14. Be3
Bf5 15. Kf2 Rac8 16. Be2 Nd4 17. Rad1 Nxe2 18. Rxd8+ Rxd8 19. Nxe2 Be7 20. Rc1
Bh4+ 21. Ng3 Be6 22. Rc7 a6 23. b3 Rc8 24. Bb6 Rxc7 25. Bxc7 Bf5 26. Ke3 Bb1
27. Kd2 Bxg3 28. hxg3 h5 29. a4 f6 30. Kc3 Kf7 31. Kc4 Bc2 32. a5 Bd1 33. b4
Bxf3 34. Kd4 Ke6 35. Ke3 Bc6 36. Kf2 Kf5 37. Bd6 Kg4 38. Bc7 g5 39. fxg5 fxg5
40. Bd6 h4 41. gxh4 gxh4 42. Kg1 Kf3 43. Kh2 Bd7 1/2-1/2

[Event "Elit(Manhem-Limhamn)"]
[Site "?"]
[Date "2016.02.28"]
[Round "5"]
[White "Fendrich, David"]
[Black "Mansson, Lars"]
[Result "1-0"]
[WhiteElo "2181"]
[BlackElo "2234"]
[PlyCount "81"]

1. Nf3 Nf6 2. g3 d5 3. c4 c6 4. Bg2 e6 5. b3 Nbd7 6. Bb2 Be7 7. d3 O-O 8. O-O
b6 9. Nbd2 Bb7 10. Rc1 Rc8 11. e4 dxe4 12. dxe4 Nc5 13. e5 Ng4 14. Ne1 h5 15.
Qe2 Qd7 16. Ne4 Rfd8 17. h3 Nxe4 18. Bxe4 Nh6 19. Qxh5 c5 20. Bxb7 Qxb7 21. Qf3
Qa6 22. a4 Nf5 23. Nc2 Bg5 24. Rcd1 Bd2 25. Na3 Qa5 26. Nb5 Nd4 27. Bxd4 cxd4
28. Nxa7 Qxa7 29. Rxd2 Qa5 30. Rfd1 Qxe5 31. Qg4 f5 32. Qf4 Qf6 33. Rxd4 Rxd4
34. Qxd4 Qh6 35. Qxb6 Kh7 36. Qe3 Qh5 37. Rd7 Qe8 38. Qd4 e5 39. Qh4+ Kg8 40.
Qe7 Qg6 41. Rd6 1-0

[Event "Elit(Rockaden,Sthlm-Farsta)"]
[Site "?"]
[Date "2016.02.27"]
[Round "6"]
[White "Ernst, Thomas"]
[Black "Hammer, Jon Ludvig"]
[Result "0-1"]
[WhiteElo "2361"]
[BlackElo "2695"]
[PlyCount "90"]

1. e4 c6 2. d4 d5 3. Nd2 dxe4 4. Nxe4 Bf5 5. Ng3 Bg6 6. h4 h6 7. Nf3 e6 8. Ne5
Bh7 9. Bd3 Bxd3 10. Qxd3 Nd7 11. f4 Bb4+ 12. Bd2 Bxd2+ 13. Qxd2 Ngf6 14. O-O-O
O-O 15. Qe2 Qa5 16. Kb1 Rad8 17. Ne4 Nxe4 18. Qxe4 f5 19. Qe2 Nxe5 20. fxe5 Qd5
21. Rhe1 b5 22. Qf3 b4 23. Qxd5 Rxd5 24. Rd3 Rfd8 25. Red1 g5 26. hxg5 hxg5 27.
a3 bxa3 28. c4 Ra5 29. bxa3 Ra4 30. Rc1 Kf7 31. Ka2 Kg6 32. Kb3 Ra5 33. Re1
Rb8+ 34. Ka2 Ra4 35. Rc1 Rbb4 36. d5 cxd5 37. cxd5 exd5 38. Rxd5 Rd4 39. Rc6+
Kh5 40. Rcc5 Rxd5 41. Rxd5 Rg4 42. e6 Rxg2+ 43. Kb3 Re2 44. Rxf5 Rxe6 45. Ra5
Re7 0-1

[Event "Elit(Rockaden,Sthlm-Farsta)"]
[Site "?"]
[Date "2016.02.27"]
[Round "6"]
[White "Blomqvist, Erik"]
[Black "Sammalvuo, Tapani"]
[Result "1/2-1/2"]
[WhiteElo "2492"]
[BlackElo "2425"]
[PlyCount "56"]

1. Nf3 Nf6 2. c4 e6 3. g3 d5 4. Bg2 Be7 5. O-O O-O 6. b3 c5 7. cxd5 Nxd5 8. Bb2
Nc6 9. d4 cxd4 10. Nxd4 Bd7 11. Nc3 Nxc3 12. Bxc3 Rc8 13. Rc1 Nxd4 14. Qxd4 Bf6
15. Qb4 Rxc3 16. Rxc3 a5 17. Qc4 Bb5 18. Qxb5 Bxc3 19. Bxb7 Qd2 20. a3 Rb8 21.
Qc4 Bb2 22. b4 Qc3 23. Qxc3 Bxc3 24. bxa5 Rxb7 25. Rc1 Rb3 26. a6 Rxa3 27. a7
Rxa7 28. Rxc3 g5 1/2-1/2

[Event "Elit(Rockaden,Sthlm-Farsta)"]
[Site "?"]
[Date "2016.02.27"]
[Round "6"]
[White "Livner, Anders"]
[Black "Barkhagen, Jonas"]
[Result "1/2-1/2"]
[WhiteElo "2347"]
[BlackElo "2435"]
[PlyCount "68"]

1. d4 d5 2. c4 c6 3. cxd5 cxd5 4. Bf4 Nc6 5. e3 a6 6. Nc3 Nf6 7. Rc1 Bg4 8. Nf3
Bxf3 9. Qxf3 e6 10. Bd3 Bd6 11. Bg5 Be7 12. O-O O-O 13. Rfd1 h6 14. Bxf6 Bxf6
15. Qe2 Rc8 16. Bb1 Qe7 17. g3 Rfd8 18. h4 Kf8 19. Kg2 e5 20. dxe5 Qxe5 21. Qf3
Ne7 22. Rd2 Qe6 23. Ne2 Rxc1 24. Nxc1 Nc6 25. Bf5 Ne5 26. Bxe6 Nxf3 27. Kxf3
fxe6 28. Nd3 Rc8 29. e4 dxe4+ 30. Kxe4 Rc4+ 31. Ke3 g5 32. hxg5 hxg5 33. f3 g4
34. f4 Bd4+ 1/2-1/2

[Event "Elit(Rockaden,Sthlm-Farsta)"]
[Site "?"]
[Date "2016.02.27"]
[Round "6"]
[White "Karlsson, Lars"]
[Black "Degerman, Lars"]
[Result "1/2-1/2"]
[WhiteElo "2457"]
[BlackElo "2462"]
[PlyCount "97"]

1. b3 e5 2. Bb2 Nc6 3. Nf3 e4 4. Ne5 Nxe5 5. Bxe5 Nf6 6. e3 d5 7. c4 dxc4 8.
bxc4 Bd6 9. Bb2 Qe7 10. Be2 h5 11. Qc2 c6 12. Bxf6 gxf6 13. Nc3 f5 14. h4 Be6
15. Rb1 Be5 16. Qa4 Kf8 17. Qb4 b6 18. Qxe7+ Kxe7 19. Rc1 Rad8 20. Kd1 Rd7 21.
Kc2 Rhd8 22. Rhd1 Kd6 23. Rb1 Kc7 24. f3 exf3 25. gxf3 f4 26. Rbc1 f5 27. d4
Bf6 28. d5 cxd5 29. cxd5 Bxd5 30. Nxd5+ Rxd5 31. Kb3+ Kb7 32. Rxd5 Rxd5 33.
exf4 Rd2 34. Rc2 Rxc2 35. Kxc2 Bxh4 36. Bd3 Bg3 37. Bxf5 Bxf4 38. Kd3 Kc6 39.
Ke4 Bg3 40. f4 h4 41. Kf3 b5 42. Kg4 a5 43. Be6 Kd6 44. Bf7 Bf2 45. f5 Ke5 46.
Be8 b4 47. Ba4 Be1 48. Bb3 Kf6 49. Bc2 1/2-1/2

[Event "Elit(Rockaden,Sthlm-Farsta)"]
[Site "?"]
[Date "2016.02.27"]
[Round "6"]
[White "Hjelm, Niclas"]
[Black "Engqvist, Thomas"]
[Result "1-0"]
[WhiteElo "2311"]
[BlackElo "2358"]
[PlyCount "151"]

1. d4 d5 2. c4 c6 3. cxd5 cxd5 4. Bf4 Nc6 5. e3 Nf6 6. Nc3 Bg4 7. Qb3 Qd7 8.
Bd3 e6 9. Nge2 Bh5 10. Bg3 Be7 11. O-O Bg6 12. Nf4 Nh5 13. Nxg6 hxg6 14. Rac1
Nxg3 15. hxg3 Bd6 16. Na4 Na5 17. Qd1 b6 18. Qe2 O-O 19. Bb5 Qe7 20. Rc2 Rad8
21. Rd1 Bb8 22. Nc3 f5 23. Qd2 g5 24. Ne2 Nb7 25. Bd3 Nd6 26. f3 Rf6 27. Kf2
Rdf8 28. Rh1 Nf7 29. f4 Rg6 30. Ng1 Nh6 31. Nf3 gxf4 32. gxf4 Rg4 33. Qc1 Nf7
34. Rc8 Rg6 35. Rxf8+ Qxf8 36. Rh3 Nh6 37. Kg1 Rf6 38. Ba6 Qd6 39. Ne5 Qc7 40.
Qxc7 Bxc7 41. Nc6 Rf8 42. Kf2 Ng4+ 43. Ke2 Kf7 44. Rh1 Kf6 45. b4 Bd6 46. a3
Rg8 47. g3 Kg6 48. a4 Nf6 49. Bd3 Ne4 50. Bxe4 fxe4 51. g4 a6 52. Kf2 Ra8 53.
Rc1 Kh7 54. Rc2 g5 55. Ne5 gxf4 56. exf4 b5 57. a5 Ra7 58. Rc6 Bxb4 59. Rxe6
Rc7 60. g5 Bd2 61. Rh6+ Kg7 62. Rg6+ Kf8 63. Rxa6 b4 64. Rb6 Kg7 65. a6 Kg8 66.
Rb7 Rc2 67. Kg3 e3 68. a7 Ra2 69. Rb8+ Kg7 70. a8=Q Rxa8 71. Rxa8 e2 72. Nd3
e1=Q+ 73. Nxe1 Bxe1+ 74. Kg4 Bc3 75. Rb8 Bxd4 76. Rxb4 1-0

[Event "Elit(Rockaden,Sthlm-Farsta)"]
[Site "?"]
[Date "2016.02.27"]
[Round "6"]
[White "Bator, Robert"]
[Black "Lundin, Jan"]
[Result "1-0"]
[WhiteElo "2427"]
[BlackElo "2251"]
[PlyCount "145"]

1. d4 d5 2. Nf3 Nf6 3. c4 dxc4 4. e3 Bg4 5. Nbd2 e6 6. Nxc4 Nbd7 7. Qa4 Bxf3 8.
gxf3 Be7 9. Na5 Rb8 10. b4 O-O 11. Bg2 Nb6 12. Qb3 Qd5 13. a3 c6 14. O-O Qh5
15. f4 Rfd8 16. Qd1 Qb5 17. Bd2 Rd7 18. Qf3 Nc4 19. Nxc4 Qxc4 20. Rfc1 Qd3 21.
Be1 Nd5 22. Qe4 Qxe4 23. Bxe4 f5 24. Bd3 a6 25. Bc4 Kf7 26. Rab1 h6 27. a4 g5
28. fxg5 hxg5 29. h3 Rh8 30. Bf1 Bd8 31. Bg2 Nc7 32. b5 cxb5 33. Bxb7 Nd5 34.
Bc6 Rd6 35. axb5 axb5 36. Kg2 f4 37. Rxb5 fxe3 38. Bxd5 Rxd5 39. Rb7+ Kf6 40.
fxe3 Kf5 41. Bg3 Ke4 42. Rc6 Rh6 43. Bf2 g4 44. h4 g3 45. Bxg3 Kxe3 46. Bf2+
Ke4 47. Rg7 Kf5 48. Rc3 Kf6 49. Rg4 Ba5 50. Rf3+ Rf5 51. Rxf5+ exf5 52. Rg8 Ke6
53. Ra8 Bb6 54. Ra6 Kd5 55. Kf3 Rc6 56. Be3 f4 57. Bxf4 Rc3+ 58. Kg4 Bxd4 59.
Rd6+ Ke4 60. Re6+ Kd5 61. Re8 Rc6 62. h5 Re6 63. Rd8+ Ke4 64. Bg5 Bf6 65. Rf8
Ke5 66. h6 Bxg5 67. Kxg5 Re7 68. Kg6 Re6+ 69. Kg7 Re7+ 70. Rf7 Re8 71. h7 Ke6
72. Rf6+ Ke7 73. Rf1 1-0

[Event "Elit(Rockaden,Sthlm-Farsta)"]
[Site "?"]
[Date "2016.02.27"]
[Round "6"]
[White "Lissang, Christopher"]
[Black "Kenneskog, Theodor"]
[Result "1/2-1/2"]
[WhiteElo "2295"]
[BlackElo "2352"]
[PlyCount "123"]

1. d4 Nf6 2. c4 g6 3. Nf3 Bg7 4. e3 c5 5. d5 b5 6. cxb5 a6 7. Nc3 O-O 8. Ne5
Bb7 9. bxa6 Nxa6 10. Nc4 e6 11. d6 Nb4 12. Bd2 Nbd5 13. f3 Nh5 14. g3 Ba6 15.
e4 Nb6 16. Ne3 Qb8 17. Bxa6 Rxa6 18. Qe2 Qa8 19. O-O Na4 20. Nxa4 Rxa4 21. Bc3
Rxa2 22. Rxa2 Qxa2 23. Bxg7 Nxg7 24. Rc1 Rb8 25. Nc4 Ne8 26. e5 Rb4 27. Qd3 Qa6
28. Rc3 Qa7 29. Kg2 f6 30. f4 Qa8+ 31. Qf3 Qa6 32. Qd3 fxe5 33. fxe5 Qb7+ 34.
Qf3 Ng7 35. Qxb7 Rxb7 36. g4 h5 37. h3 Kh7 38. b3 Kh6 39. Kg3 Kg5 40. Nd2 hxg4
41. hxg4 Rb4 42. Rc4 Rxc4 43. Nxc4 Nf5+ 44. gxf5 Kxf5 45. Kf3 g5 46. Kg2 Kf4
47. Kf2 g4 48. Kg1 Ke4 49. Kg2 Kf4 50. Kf2 Ke4 51. Kg3 Kf5 52. Ne3+ Kxe5 53.
Kxg4 Kxd6 54. Kf4 Kc6 55. Ke5 Kb5 56. Nc2 d5 57. Kf4 c4 58. b4 d4 59. Nxd4+
Kxb4 60. Nxe6 c3 61. Nd4 c2 62. Nxc2+ 1/2-1/2

[Event "Elit(Rockaden,Sthlm-Farsta)"]
[Site "?"]
[Date "2016.02.27"]
[Round "6"]
[White "Hedman, Erik"]
[Black "Ong, Kezli"]
[Result "1-0"]
[WhiteElo "2349"]
[BlackElo "2271"]
[PlyCount "77"]

1. d4 Nf6 2. c4 e6 3. Nf3 Bb4+ 4. Nbd2 b6 5. a3 Bxd2+ 6. Qxd2 Bb7 7. e3 O-O 8.
Be2 d6 9. O-O Nbd7 10. b4 Ne4 11. Qc2 f5 12. d5 e5 13. Nd2 Nxd2 14. Bxd2 c6 15.
dxc6 Bxc6 16. f3 Rc8 17. Bd3 Qg5 18. e4 f4 19. Rf2 Rf6 20. a4 Qh4 21. Be1 Rh6
22. h3 Nf8 23. Bf1 Qg5 24. Kh1 Bd7 25. Rd2 Qh5 26. Qd1 Qg6 27. a5 Be8 28. axb6
axb6 29. Ra6 Nd7 30. Bf2 Rb8 31. c5 dxc5 32. Bc4+ Kh8 33. Bb5 Nf6 34. Rd8 Rxd8
35. Qxd8 Kg8 36. Ra8 Kf8 37. Qd6+ Kg8 38. Qxe5 Rh5 39. Bxe8 1-0

[Event "Elit(Limhamn-Eksjo)"]
[Site "?"]
[Date "2016.02.27"]
[Round "6"]
[White "Grandelius, Nils"]
[Black "Jepson, Christian"]
[Result "1-0"]
[WhiteElo "2635"]
[BlackElo "2431"]
[PlyCount "133"]

1. e4 e5 2. Nf3 Nc6 3. Bb5 a6 4. Ba4 Nf6 5. O-O Be7 6. Re1 b5 7. Bb3 d6 8. c3
O-O 9. h3 Na5 10. Bc2 c5 11. d4 Qc7 12. Nbd2 cxd4 13. cxd4 Bd7 14. Nf1 Rfc8 15.
Re2 exd4 16. Nxd4 Nc6 17. Ng3 Nxd4 18. Qxd4 Be6 19. Bg5 h6 20. Be3 Qd8 21. Qd2
Nd7 22. Nh5 Ne5 23. Bd4 g6 24. Nf4 Bc4 25. Ree1 Bg5 26. Be3 Qf6 27. b3 Be6 28.
Rac1 Rc3 29. Nd5 Bxd5 30. Bxg5 hxg5 31. Qxc3 Be6 32. Bb1 Kg7 33. Qg3 Rh8 34.
Re3 Rh4 35. f3 Rh8 36. Rf1 Qe7 37. f4 gxf4 38. Qxf4 a5 39. Qf2 Rc8 40. Ree1 Rc3
41. Re3 Rc6 42. Qd2 Qa7 43. Kh2 Qc7 44. Rg3 Rc5 45. Rd1 Rc6 46. Rf1 Rc5 47. Qf4
Qe7 48. Rc1 Qc7 49. Rxc5 dxc5 50. Bd3 b4 51. Bb5 f6 52. Qd2 Qb8 53. Be2 a4 54.
Kg1 axb3 55. axb3 Bf7 56. Re3 Qa7 57. Kh2 Qb8 58. Kh1 Qa7 59. Qc1 Qa5 60. Bf1
Qa7 61. Bb5 Qb6 62. Be2 Qa7 63. Bf1 Qa5 64. Qb2 Qa3 65. Qd2 Bxb3 66. Kh2 Qa4
67. Qd6 1-0

[Event "Elit(Limhamn-Eksjo)"]
[Site "?"]
[Date "2016.02.27"]
[Round "6"]
[White "Hector, Jonny"]
[Black "Carlsson, Pontus"]
[Result "0-1"]
[WhiteElo "2474"]
[BlackElo "2430"]
[PlyCount "136"]

1. e4 c5 2. Be2 Nc6 3. f4 g6 4. Nf3 Bg7 5. O-O e6 6. d3 Nge7 7. c3 d5 8. Qe1 b6
9. Kh1 O-O 10. Be3 f5 11. e5 d4 12. cxd4 Nd5 13. Bd2 Ndb4 14. Na3 Ba6 15. dxc5
Nxd3 16. Qg3 Nxc5 17. Bxa6 Nxa6 18. Rfd1 Qe7 19. Qg5 Nc5 20. Nb5 Ne4 21. Qxe7
Nxe7 22. Be1 Nd5 23. g3 Rfc8 24. Rd3 a6 25. Nbd4 Kf7 26. Rad1 Nc5 27. Nxe6 Nxd3
28. Neg5+ Kg8 29. Rxd3 Rd8 30. Ne6 Rd7 31. Bb4 Re8 32. Nxg7 Kxg7 33. Bd6 Nb4
34. Rc3 Nd5 35. Rd3 Nb4 36. Rd4 Nc6 37. Rc4 Na5 38. Rc3 Nb7 39. Ba3 b5 40. Rc6
a5 41. b3 Nd8 42. Rc8 b4 43. Bb2 Kf8 44. Nd4 Kf7 45. Rc2 Ne6 46. Nb5 Ra8 47.
Bc1 Rb8 48. Nd6+ Ke7 49. Be3 Rc7 50. Rd2 Rc3 51. Ba7 Ra8 52. Bb6 a4 53. bxa4
Rxa4 54. Bg1 Rc1 55. Kg2 Ra1 56. Nc8+ Ke8 57. Rd6 R4xa2+ 58. Bf2 Nc5 59. Rd4
Ne4 60. Nd6+ Ke7 61. Nxe4 fxe4 62. Rxe4 b3 63. Rb4 b2 64. Bc5+ Ke6 65. Rb6+ Kd5
66. Bf2 b1=Q 67. Rd6+ Ke4 68. Rd4+ Kf5 0-1

[Event "Elit(Limhamn-Eksjo)"]
[Site "?"]
[Date "2016.02.27"]
[Round "6"]
[White "Gdanski, Jacek"]
[Black "Johansson, Linus"]
[Result "1/2-1/2"]
[WhiteElo "2488"]
[BlackElo "2423"]
[PlyCount "54"]

1. e4 c5 2. Nc3 Nc6 3. Nf3 e5 4. Bc4 Be7 5. d3 Nf6 6. Nd2 d6 7. Nf1 Bg4 8. f3
Be6 9. Ne3 O-O 10. O-O a6 11. a4 Nb4 12. Bd2 d5 13. exd5 Nbxd5 14. Nexd5 Nxd5
15. Qe2 Nxc3 16. Bxc3 Bxc4 17. dxc4 f6 18. f4 Bd6 19. fxe5 Bxe5 20. Bxe5 Qe7
21. Rae1 Rae8 22. Qf3 fxe5 23. Qd5+ Kh8 24. Rxf8+ Rxf8 25. Qxe5 Qh4 26. h3 Qxc4
27. c3 h6 1/2-1/2

[Event "Elit(Limhamn-Eksjo)"]
[Site "?"]
[Date "2016.02.27"]
[Round "6"]
[White "Lindgren, Philip"]
[Black "Rasmussen, Allan Stig"]
[Result "1-0"]
[WhiteElo "2414"]
[BlackElo "2489"]
[PlyCount "91"]

1. d4 Nf6 2. c4 e6 3. g3 c5 4. d5 exd5 5. cxd5 d6 6. Nc3 g6 7. Bg2 Bg7 8. Nf3
O-O 9. O-O Re8 10. Bf4 Na6 11. Re1 Ne4 12. Nxe4 Rxe4 13. Nd2 Rxf4 14. gxf4 Bxb2
15. Rb1 Bg7 16. e4 Bh6 17. e5 Bxf4 18. e6 Qe7 19. Nc4 f5 20. Qf3 Qh4 21. h3 Nc7
22. a4 b6 23. Qc3 Ba6 24. Na3 Qg5 25. Rbd1 Re8 26. Kh1 Re7 27. Nc4 Qh4 28. Qc2
Bb7 29. Kg1 Qg5 30. Ne3 Bxe3 31. Rxe3 f4 32. Red3 Na6 33. Qd2 Nb4 34. Rg3 Qf5
35. Rg4 g5 36. Bf3 Rg7 37. h4 h6 38. hxg5 hxg5 39. Re1 Kf8 40. Qc3 Rh7 41. e7+
Ke8 42. Rg2 Bxd5 43. Rh2 Rxh2 44. Kxh2 Qh7+ 45. Kg1 Qh6 46. Qxb4 1-0